Góry w Europie - Statystyki

Ogólne statystyki
  • Ten quiz został rozwiązany 1 835 razy
  • Średni wynik to 7 z 16
Statystyki odpowiedzi
Góry: % Poprawnych
Alpy
94%
Karpaty
88%
Pireneje
72%
Sudety
72%
Ural
63%
Apeniny
57%
Skandynawskie
53%
Kaukaz
45%
Dynarskie
40%
Betyckie
24%
Harz
18%
Ardeny
14%
Wogezy
14%
Jura
11%
Radopy
3%
Schwarzland
2%
Nie znaleziono quizów pasujących do podanych kryteriów
Rozkład punktacji
Procent ludzi z każdym wynikiem
Percentyl według liczby udzielonych odpowiedzi
Twoja historia wyników
Nie rozwiązałeś tego quizu